[Event "Fagernes TV2 Elo op"]
[Site "Fagernes"]
[Date "2017.04.16"]
[Round "9"]
[White "Skrede, Snorre"]
[Black "Syse, Knut"]
[Result "1-0"]
[WhiteElo "1920"]
[BlackElo "1534"]
[PlyCount "63"]
[EventDate "2017.04.09"]
[EventType "swiss"]
[EventRounds "9"]
[EventCountry "NOR"]
[SourceTitle "CBM 177 Extra"]
[Source "ChessBase"]
[SourceDate "2017.04.27"]
[SourceVersion "1"]
[SourceVersionDate "2017.04.27"]
[SourceQuality "1"]

1. d4 f5 2. Bf4 Nf6 3. e3 g6 4. h4 h6 5. Nh3 Bg7 6. Bg3 0-0 7. Nf4 Kh7 8. Nd2 d5 9. Nf3 Nbd7 10. Ne6 Qe8 11. Nxc7 Qf7 12. Nxa8 f4 13. Bxf4 Ng4 14. Qd2 e5 15. dxe5 Ndxe5 16. Bxe5 Nxe5 17. 0-0-0 d4 18. Nxe5 Qxa2 19. Qd3 Qa1+ 20. Kd2 Qa5+ 21. Ke2 Bxe5 22. h5 Rf5 23. hxg6+ Kg7 24. Qd2 Qb5+ 25. Ke1 Qxb2 26. e4 d3 27. Qxh6+ Kf6 28. Bxd3 Qb4+ 29. Ke2 Rxf2+ 30. Kxf2 Bg4 31. g7+ Kf7 32. g8Q+ 1-0

[Event "Sandnes CC-ch A"]
[Site "Sandnes"]
[Date "2016.??.??"]
[Round "4"]
[White "Skrede, Snorre"]
[Black "Baldursson, Hrannar"]
[Result "0-1"]
[WhiteElo "1848"]
[BlackElo "2129"]
[PlyCount "66"]
[EventDate "2016.02.02"]
[EventType "tourn"]
[EventRounds "7"]
[EventCountry "NOR"]
[SourceTitle "EXT 2024"]
[Source "ChessBase"]
[SourceDate "2023.10.10"]
[SourceVersion "1"]
[SourceVersionDate "2023.10.10"]
[SourceQuality "1"]

1. d4 Nf6 2. c4 c5 3. d5 d6 4. Nc3 g6 5. g3 Bg7 6. Bg2 0-0 7. Nf3 e6 8. 0-0 exd5 9. cxd5 Re8 10. Re1 a6 11. a4 b6 12. Nd2 Nbd7 13. f4 Ng4 14. Nf3 Ne3 15. Bxe3 Rxe3 16. Qd2 Qe8 17. Nd1 Re7 18. Nf2 Nf6 19. e3 Bd7 20. b3 Ne4 21. Nxe4 Rxe4 22. Rab1 b5 23. axb5 axb5 24. Ne5 Rxe5 25. fxe5 Qxe5 26. e4 c4 27. bxc4 bxc4 28. Rec1 c3 29. Qd3 Qd4+ 30. Qxd4 Bxd4+ 31. Kh1 Ra2 32. Bf1 Bg4 33. Bg2 c2 0-1

[Event "Sandnes CC-ch"]
[Site "Sandnes"]
[Date "2015.02.03"]
[Round "5"]
[White "Skrede, Snorre"]
[Black "Overas, Vegard"]
[Result "1-0"]
[WhiteElo "1663"]
[BlackElo "1770"]
[PlyCount "107"]
[EventDate "2015.02.03"]
[EventType "swiss"]
[EventRounds "7"]
[EventCountry "NOR"]
[SourceTitle "EXT 2017"]
[Source "ChessBase"]
[SourceDate "2016.10.25"]
[SourceVersion "1"]
[SourceVersionDate "2016.10.25"]
[SourceQuality "1"]

1. d4 Nf6 2. c4 e6 3. g3 Bb4+ 4. Bd2 Bxd2+ 5. Nxd2 d5 6. Bg2 0-0 7. Ngf3 b6 8. Ne5 Bb7 9. 0-0 Nbd7 10. Rc1 c5 11. Nxd7 Nxd7 12. cxd5 Bxd5 13. dxc5 Bxg2 14. Kxg2 Nxc5 15. b4 Qd5+ 16. Nf3 Qxd1 17. Rfxd1 Na6 18. a3 Rfd8 19. Nd4 Kf8 20. Nc6 Rxd1 21. Rxd1 Ke8 22. e4 Nc7 23. a4 a6 24. Rd6 b5 25. a5 Kf8 26. Rd8+ Rxd8 27. Nxd8 Ke8 28. Nb7 f5 29. f3 fxe4 30. fxe4 Ke7 31. Kf3 Kf6 32. Nc5 Ke5 33. Ke3 g5 34. h4 h6 35. hxg5 hxg5 36. Nd3+ Kd6 37. Kf3 Ke7 38. Kg4 Kf6 39. Kh5 Ne8 40. g4 e5 41. Nc5 Nd6 42. Nxa6 Nxe4 43. Nc7 Nd6 44. a6 Nc8 45. Nxb5 e4 46. Nd4 e3 47. b5 Ke5 48. Ne2 Kf6 49. Kh6 Nb6 50. a7 Na8 51. Nc3 Ke5 52. Kxg5 Kd4 53. Ne2+ Kc5 54. Kh6 1-0

[Event "Fagernes Norsk op-B"]
[Site "Fagernes"]
[Date "2014.04.13"]
[Round "8"]
[White "Skrede, Snorre"]
[Black "Maloberti, David"]
[Result "0-1"]
[WhiteElo "1729"]
[BlackElo "2048"]
[PlyCount "68"]
[EventDate "2014.04.13"]
[EventType "swiss"]
[EventRounds "9"]
[EventCountry "NOR"]
[SourceTitle "EXT 2016"]
[Source "ChessBase"]
[SourceDate "2015.10.08"]
[SourceVersion "1"]
[SourceVersionDate "2015.10.08"]
[SourceQuality "1"]

1. d4 Nf6 2. c4 g6 3. Nc3 Bg7 4. g3 d5 5. cxd5 Nxd5 6. e4 Nxc3 7. bxc3 c5 8. Be3 Nc6 9. e5 Be6 10. Bg2 Bd5 11. f3 0-0 12. Ne2 Bc4 13. f4 Bd5 14. Bxd5 Qxd5 15. 0-0 Qe4 16. Qd2 Na5 17. Bf2 Nc4 18. Qe1 Rad8 19. Nc1 Qd5 20. Nb3 cxd4 21. cxd4 f6 22. Qe2 g5 23. Rac1 b5 24. Rfd1 Bh6 25. Qh5 Kg7 26. fxg5 Bxg5 27. exf6+ Rxf6 28. Rc3 Rxf2 29. Kxf2 Be3+ 30. Rxe3 Qxh5 31. Rxe7+ Kg8 32. Rde1 Qxh2+ 33. Kf3 Rf8+ 34. Kg4 h5+ 0-1

[Event "Sandnes CC-ch"]
[Site "Sandnes"]
[Date "2014.02.04"]
[Round "7"]
[White "Skrede, Snorre"]
[Black "Okland, Sveinung"]
[Result "1-0"]
[WhiteElo "1729"]
[BlackElo "1849"]
[PlyCount "61"]
[EventDate "2014.02.04"]
[EventType "swiss"]
[EventRounds "7"]
[EventCountry "NOR"]
[SourceTitle "EXT 2017"]
[Source "ChessBase"]
[SourceDate "2016.10.25"]
[SourceVersion "1"]
[SourceVersionDate "2016.10.25"]
[SourceQuality "1"]

1. d4 Nf6 2. c4 e5 3. dxe5 Ne4 4. Nf3 Nc6 5. a3 a5 6. Nbd2 Nc5 7. b3 d6 8. exd6 Bxd6 9. Qc2 Qe7 10. Bb2 0-0 11. g3 Bg4 12. Bg2 Rae8 13. e3 f5 14. 0-0 Kh8 15. Nd4 Ne5 16. b4 axb4 17. axb4 Ncd3 18. c5 Bxc5 19. bxc5 Nxb2 20. Qxb2 Nd3 21. Qc3 Nxc5 22. Rfc1 b6 23. N2b3 Nxb3 24. Qxb3 c5 25. Nc6 Qc7 26. Ra7 Qd6 27. Qxb6 Qd2 28. Qxc5 Rf6 29. Nd4 Bd1 30. Qc3 Qxc3 31. Rxc3 1-0

[Event "Sandnes CC-ch"]
[Site "Sandnes"]
[Date "2014.02.04"]
[Round "5"]
[White "Skrede, Snorre"]
[Black "Snerthammer, Daniel"]
[Result "0-1"]
[WhiteElo "1729"]
[BlackElo "1910"]
[PlyCount "98"]
[EventDate "2014.02.04"]
[EventType "swiss"]
[EventRounds "7"]
[EventCountry "NOR"]
[SourceTitle "EXT 2017"]
[Source "ChessBase"]
[SourceDate "2016.10.25"]
[SourceVersion "1"]
[SourceVersionDate "2016.10.25"]
[SourceQuality "1"]

1. d4 Nf6 2. c4 e6 3. Nf3 Bb4+ 4. Bd2 Bxd2+ 5. Nbxd2 d5 6. g3 b6 7. Bg2 Ba6 8. Ne5 0-0 9. Rc1 Bb7 10. 0-0 Nbd7 11. Nd3 Rc8 12. c5 c6 13. b4 Ba6 14. Nb3 Re8 15. Re1 e5 16. dxe5 Nxe5 17. Nxe5 Rxe5 18. e3 Bc4 19. Qd4 Re8 20. Nd2 Bb5 21. Ra1 bxc5 22. Qxc5 Qb6 23. Rec1 Qxc5 24. Rxc5 Nd7 25. Rc3 Nb6 26. a4 Nxa4 27. Rca3 Nb6 28. Rxa7 Ra8 29. Rxa8 Rxa8 30. Rxa8+ Nxa8 31. Nb3 Nc7 32. Nd4 Ba4 33. Bf1 Kf8 34. Bd3 g6 35. Kf1 Ke7 36. Ke2 Kd6 37. Kd2 Ne6 38. Bc2 Nxd4 39. exd4 Bxc2 40. Kxc2 Kc7 41. Kb3 Kb6 42. Ka4 Ka6 43. g4 g5 44. h3 Kb6 45. f3 Ka6 46. b5+ cxb5+ 47. Kb4 Kb6 48. Ka3 Ka5 49. Kb3 b4 0-1